Prosa completa. (Record no. 182972)

MARC details
000 -LEADER
campo de control de longitud fija 00735nam a2200205 i 4500
001 - NÚMERO DE CONTROL
campo de control 182972
003 - IDENTIFICADOR DE NÚMERO DE CONTROL
campo de control ES-MaACL
005 - FECHA Y HORA DE LA ÚLTIMA TRANSACCIÓN
campo de control 20250910222350.0
008 - DATOS DE LONGITUD FIJA--INFORMACIÓN GENERAL
campo de control de longitud fija 140108s2011 sp a | |||||||| | spa d
020 ## - NÚMERO INTERNACIONAL ESTÁNDAR DEL LIBRO
Número Internacional Estándar del Libro 978-84-8108-519-8
080 ## - NÚMERO DE LA CLASIFICACIÓN DECIMAL UNIVERSAL
Número de la Clasificación Decimal Universal 821.134.2-82"19"
100 0# - ENTRADA PRINCIPAL--NOMBRE DE PERSONA
Nombre de persona Egea, Julio Alfredo,
Fechas asociadas al nombre 1926-2018
9 (RLIN) 46706
245 10 - MENCIÓN DEL TÍTULO
Título Prosa completa.
Número de parte o sección de la obra v. 3 /
Mención de responsabilidad, etc. Julio Alfredo Egea.
260 ## - PUBLICACIÓN, DISTRIBUCIÓN, ETC.
Lugar de publicación, distribución, etc. [Almería] :
Nombre del editor, distribuidor, etc. Instituto de Estudios Almerienses,
Fecha de publicación, distribución, etc. 2011.
300 ## - DESCRIPCIÓN FÍSICA
Extensión 698 p. :
Otras características físicas 1 retr., il. ;
Dimensiones 21 cm.
490 1# - MENCIÓN DE SERIE
Mención de serie Colección Letras ;
Designación de volumen o secuencia n. 58.
Mención de serie Serie Narrativa
830 0# - PUNTO DE ACCESO ADICIONAL DE SERIE-TÍTULO UNIFORME
Título uniforme Colección Letras. Serie Narrativa (Instituto de Estudios Almerienses)
Designación de volumen o secuencia n. 58.
9 (RLIN) 224911
852 ## - LOCALIZACIÓN
Ubicación ES-MaACL
Número de control de estantería N-5938
Holdings
Estatus retirado Estado de pérdida Estado de daño No para préstamo Biblioteca de origen Biblioteca actual Ubicación en estantería Fecha de adquisición Fuente de adquisición Total de préstamos Signatura topográfica completa Código de barras Visto por última vez Precio de reemplazo Tipo de ítem Koha
        Biblioteca del Ateneo de Madrid Biblioteca del Ateneo de Madrid Sala Pecera Depósito 2 08/01/2014     N-5938 1192307 23/02/2023 23/02/2023 Libro impreso